| 000 | 01012nam0a2200325 4500 | ||
|---|---|---|---|
| 001 | RU\NLR\BIBL_A\022383741 | ||
| 005 | 20260405170759.0 | ||
| 010 |
_a978-5-17-164273-0 _92000 |
||
| 035 | _a(NLR Aleph) 022383741 | ||
| 090 |
_a13330577 _c13330577 |
||
| 100 | _a20241119d2024 |||y0rusy50 ca | ||
| 101 | 0 | _aeng | |
| 102 | _aRU | ||
| 105 | _ah z 000ay | ||
| 181 | 0 |
_ai4 _baxxe |
|
| 182 | 0 | _an | |
| 200 | 1 |
_aThe mystery of the sea _e[novel] _fBram Stoker |
|
| 203 |
_aТекст _bвизуальный _cнепосредственный |
||
| 210 |
_aМосква _cАСТ _dcop. 2024 |
||
| 215 |
_a427, [1] c. _cфакс. _d22 |
||
| 225 | 1 |
_aGreat books _eGB |
|
| 300 | _aВ вып. дан.: Тайна моря / Б. Стокер | ||
| 333 | _a16+ | ||
| 517 | 1 | _aТайна моря | |
| 686 | 1 | _aШ6(4Вл)53-446{Лх1297-45} | |
| 700 | 1 |
_8eng _7ba _aStoker _bB. _f1847-1912 _gBram _3RU\NLR\AUTH\7772518 _955446 |
|
| 942 | _cBOOK | ||
| 980 | _aNB | ||